Geography Quiz

Random Geography or Blitz Quiz

Geography 'G' Blitz Quiz Stats

 Plays Quiz Updated Oct 17, 2017

Challenge
Share
Tweet
Embed
Score 0/20 Timer 02:00
16 Plays Today
Category Answer % Correct
African countryGabon
96.6%
US StateGeorgia
87.3%
North American countryGrenada
86.6%
European countryGermany
79.6%
DesertGobi
78.8%
South American countryGuyana
74.4%
Major island (5000 km2)Greenland
65.2%
Major river (1500 km+)Ganges
54.4%
ArchipelagoGalápagos Islands
53.5%
Palestinian territoryGaza
49.6%
Category Answer % Correct
South American capitalGeorgetown
45.2%
North American capitalGuatemala City
31.9%
Mexican StateGuanajuato
29.8%
Chinese city (1 mil+)Guangzhou
29.1%
US national parkGrand Canyon
28.3%
English countyGloucestershire
21.9%
African capitalGaborone
19.3%
Mountain (7200 m+)Gasherbrum I
15.6%
Autonomous Region of SpainGalicia
14.1%
Major lake (4000 km2+)Great Bear
13.1%

You're not logged in!

Compare scores with friends on all Sporcle quizzes.
Join for Free
OR
Log In

You Might Also Like...

Show Comments

Extras

Top Quizzes Today


Score Distribution

Your Account Isn't Verified!

In order to create a playlist on Sporcle, you need to verify the email address you used during registration. Go to your Sporcle Settings to finish the process.

Report this User

Report this user for behavior that violates our Community Guidelines.

Details: